000 00218nam a22000857a 4500
008 170614b xxu||||| |||| 00| 0 eng d
100 _93386
_aMisra. R. R
245 _aChemistry for us - X
260 _aNew Delhi
_bA. P. C
_c2009
999 _c6742
_d6742